Estatísticas para Provérbios

Clique aqui para jogar o quiz

Estatísticas Gerais

  • Esse quiz foi jogado 52 vezes
  • A pontuação média é 6 de 15

Estatísticas das Respostas

HintResposta% Correto
Olho por olho,Dente por dente
87%
Amigos amigos,Negócios à parte
87%
Em terra de cego,Quem tem olho é rei
54%
Um olho no peixeOutro no gato
48%
O pior cegoÉ aquele que não quer ver
41%
O pior cegoÉ aquele que não quer ver
41%
Grão a grãoEnche a galinha o papo
39%
Em abrilÁguas mil
33%
Os cães ladramE a caravana passa
26%
Não adianta chorarSobre leite derramado
26%
Mais vale um pássaro na mãoQue dois a voar
24%
Deus tem mais a tirarDoque a dar
17%
Um dia da caçaOutro caçador
15%
O preguiçosoTrabalha dobrado
9%
Quem não quer ser lobo,Não lhe vista a pele
7%

Distribuição das Pontuações

Percentil de Números Respondidos

Porcentagem de Pessoas com Cada Pontuação

Sua Pontuação Histórica

Você não jogou esse quiz